<?xml version="1.0" encoding="UTF-8"?>
<record
    xmlns:xsi="http://www.w3.org/2001/XMLSchema-instance"
    xsi:schemaLocation="http://www.loc.gov/MARC21/slim http://www.loc.gov/standards/marcxml/schema/MARC21slim.xsd"
    xmlns="http://www.loc.gov/MARC21/slim">

  <leader>00258nam a2200097   4500</leader>
  <datafield tag="245" ind1=" " ind2=" ">
    <subfield code="a">Tourism in India</subfield>
    <subfield code="c">V.P. Bendre</subfield>
  </datafield>
  <datafield tag="100" ind1=" " ind2=" ">
    <subfield code="a">Bendre, V.P</subfield>
  </datafield>
  <datafield tag="260" ind1=" " ind2=" ">
    <subfield code="a">Maharashtra</subfield>
    <subfield code="b">A.B.Dashrathe Parimal Prakashan</subfield>
    <subfield code="c">1979</subfield>
  </datafield>
  <datafield tag="300" ind1=" " ind2=" ">
    <subfield code="a">[2], 295p.;  22cm.</subfield>
  </datafield>
  <datafield tag="082" ind1=" " ind2=" ">
    <subfield code="a">915.404</subfield>
    <subfield code="b">BEN</subfield>
  </datafield>
  <datafield tag="952" ind1=" " ind2=" ">
    <subfield code="0">0</subfield>
    <subfield code="1">0</subfield>
    <subfield code="4">0</subfield>
    <subfield code="7">0</subfield>
    <subfield code="8">GEYA</subfield>
    <subfield code="a">NEHU</subfield>
    <subfield code="b">NEHU</subfield>
    <subfield code="d">2011-11-24</subfield>
    <subfield code="l">0</subfield>
    <subfield code="o">915.404 BEN</subfield>
    <subfield code="p">B4377</subfield>
    <subfield code="r">2011-11-24 00:00:00</subfield>
    <subfield code="w">2011-11-24</subfield>
    <subfield code="y">BK</subfield>
  </datafield>
  <datafield tag="999" ind1=" " ind2=" ">
    <subfield code="c">2958</subfield>
    <subfield code="d">2958</subfield>
  </datafield>
</record>
